Middle America : (Record no. 4332)
[ view plain ]
| 000 -LEADER | |
|---|---|
| fixed length control field | 00561nam a2200217 a 4500 |
| 001 - CONTROL NUMBER | |
| JCCL Control Number | 4332 |
| 003 - CONTROL NUMBER IDENTIFIER | |
| JCCL marc code | BD-JhCC |
| 005 - DATE AND TIME OF LATEST TRANSACTION | |
| control field | 20171126195452.0 |
| 008 - FIXED-LENGTH DATA ELEMENTS--GENERAL INFORMATION | |
| fixed length control field | 171126s1966 nju n a|||| || | 001 0 eng d |
| 035 ## - SYSTEM CONTROL NUMBER | |
| system control number | (BD-JhCC)4332 |
| 040 ## - CATALOGING SOURCE | |
| Original cataloging agency | BD-JhCC |
| Modifying agency | BD-JhCC |
| 041 ## - LANGUAGE CODE | |
| Language code of Book | eng |
| 082 ## - DEWEY DECIMAL CLASSIFICATION NUMBER | |
| Classification number | 917.2 |
| Author mark and Year | WES 1966 |
| 100 ## - MAIN ENTRY--PERSONAL NAME | |
| Personal name | West, Robert C. |
| 245 ## - TITLE STATEMENT | |
| Title | Middle America : |
| Remainder of title | Its Lands and Peoples / |
| Statement of responsibility, etc | Robert C. West, |
| 260 ## - PUBLICATION, DISTRIBUTION, ETC. (IMPRINT) | |
| Place of publication, distribution, etc | New Jersey : |
| Name of publisher, distributor, etc | Prentice-Hall, Inc. |
| 300 ## - PHYSICAL DESCRIPTION | |
| Pagination | 482 p. : |
| Dimensions | 25 cm. |
| 650 ## - SUBJECT ADDED ENTRY--TOPICAL TERM | |
| Topical term or geographic name as entry element | Middle America |
| 942 ## - ADDED ENTRY ELEMENTS (KOHA) | |
| Source of classification or shelving scheme | Dewey Decimal Classification |
| Koha item type | Books |
| Source of classification or shelving scheme | Damaged status | Not for loan | Home library | Current library | Shelving location | Date of accession | Total Checkouts | Full call number | Barcode | Date last seen | Copy number | Koha item type |
|---|---|---|---|---|---|---|---|---|---|---|---|---|
| Dewey Decimal Classification | JCC Rouf Library | JCC Rouf Library | General Stacks | 11/26/2017 | 917.2 WES 1966 | 5908 | 11/26/2017 | C- 1 | Books |